[Event "NOR-chB"]
[Site "Oslo"]
[Date "2023.07.02"]
[Round "2"]
[White "Grave, Jacob Templen"]
[Black "Holleland, Sigve"]
[Result "1-0"]
[WhiteElo "2255"]
[BlackElo "2154"]
[PlyCount "65"]
[EventDate "2023.06.30"]
[EventType "swiss"]
[EventRounds "9"]
[EventCountry "NOR"]
[SourceTitle "EXT 2024"]
[Source "ChessBase"]
[SourceDate "2023.10.10"]
[SourceVersion "1"]
[SourceVersionDate "2023.10.10"]
[SourceQuality "1"]

1. d4 Nf6 2. c4 e6 3. g3 d5 4. Bg2 c5 5. cxd5 Nxd5 6. Nf3 Nc6 7. 0-0 Qb6 8. e4 Nf6 9. d5 Nd4 10. Re1 Bd7 11. Nbd2 Nxf3+ 12. Bxf3 0-0-0 13. Nc4 Qa6 14. b3 exd5 15. exd5 Be6 16. Bg5 Be7 17. Qc1 Rxd5 18. Bxd5 Nxd5 19. Bxe7 Nxe7 20. Qe3 Nf5 21. Qxc5+ Kb8 22. Rac1 Rc8 23. Qe5+ Ka8 24. Ne3 Rxc1 25. Rxc1 Ne7 26. Qxg7 Nc6 27. Rd1 b6 28. Qxh7 Qxa2 29. Qe4 Kb7 30. Rc1 Bd7 31. Qd5 Be8 32. Nc4 Kc7 33. Ne5 1-0

[Event "Bergen Grand Prix"]
[Site "Bergen"]
[Date "2019.11.16"]
[Round "2"]
[White "Holleland, Sigve"]
[Black "Sidali, Elias Hulleberg"]
[Result "1-0"]
[WhiteElo "2098"]
[BlackElo "1834"]
[PlyCount "83"]
[EventDate "2019.11.15"]
[EventType "swiss"]
[EventRounds "5"]
[EventCountry "NOR"]
[SourceTitle "CBM 193 Extra"]
[Source "ChessBase"]
[SourceDate "2020.01.31"]
[SourceVersion "1"]
[SourceVersionDate "2020.01.31"]
[SourceQuality "1"]

1. d4 Nf6 2. c4 c5 3. Nf3 cxd4 4. Nxd4 Nc6 5. g3 d6 6. Bg2 Bd7 7. Nc3 g6 8. 0-0 Bg7 9. Nc2 0-0 10. Ne3 Rb8 11. Rb1 a6 12. a4 Ne5 13. b4 b5 14. cxb5 axb5 15. a5 Bc8 16. Bb2 h5 17. Ncd5 e6 18. Nxf6+ Bxf6 19. Bd4 Ba6 20. f4 Nc4 21. Bxf6 Nxe3 22. Bxd8 Nxd1 23. Bc7 Nc3 24. Bxd6 Nxb1 25. Rxb1 Rbd8 26. Bxf8 Kxf8 27. Kf2 Ke7 28. Rc1 Rc8 29. Rxc8 Bxc8 30. Ke3 Kd6 31. Kd4 f6 32. Be4 e5+ 33. Ke3 g5 34. fxg5 fxg5 35. h4 gxh4 36. gxh4 Ba6 37. Bg6 Kd5 38. Bf7+ Kd6 39. Bxh5 Ke6 40. Bg6 Kf6 41. Bd3 Kg7 42. Ke4 1-0

[Event "Bergen Sommer Super-NGP A"]
[Site "Bergen"]
[Date "2019.08.01"]
[Round "9"]
[White "Fossan, Benjamin"]
[Black "Holleland, Sigve"]
[Result "1/2-1/2"]
[WhiteElo "1924"]
[BlackElo "2092"]
[PlyCount "98"]
[EventDate "2019.07.29"]
[EventType "swiss"]
[EventRounds "9"]
[EventCountry "NOR"]
[SourceTitle "EXT 2024"]
[Source "ChessBase"]
[SourceDate "2023.10.10"]
[SourceVersion "1"]
[SourceVersionDate "2023.10.10"]
[SourceQuality "1"]

1. e4 c5 2. Nf3 d6 3. Bb5+ Bd7 4. Bxd7+ Qxd7 5. c4 e5 6. Nc3 Nc6 7. d3 Nge7 8. 0-0 g6 9. Ne1 f5 10. f4 Bg7 11. Nc2 0-0 12. Be3 Nd4 13. Nd5 Nxd5 14. cxd5 Nxc2 15. Qxc2 fxe4 16. dxe4 Qg4 17. h3 Qh5 18. Rf3 exf4 19. Bxf4 Bd4+ 20. Kh1 Rf6 21. Raf1 Raf8 22. g4 Qh4 23. Kg2 g5 24. Bxd6 Rxf3 25. Rxf3 Rxf3 26. Kxf3 Qxh3+ 27. Bg3 h5 28. gxh5 g4+ 29. Kf4 Qxh5 30. Qg2 Kf7 31. e5 Bxe5+ 32. Ke4 Bd4 33. Qf1+ Bf6 34. d6 Qg6+ 35. Ke3 Qg5+ 36. Ke4 Qg6+ 37. Ke3 Kf8 38. Kd2 Qf7 39. Kc2 Ke8 40. Qf5 Qc4+ 41. Kb1 Qd4 42. Qc8+ Kf7 43. Qxb7+ Kg6 44. Qb3 c4 45. Qc2+ Kg7 46. Qe2 a6 47. a3 Kf8 48. d7 Qxd7 49. Qxc4 Qd1+ 1/2-1/2

[Event "Bergen Sommer Super-NGP A"]
[Site "Bergen"]
[Date "2019.08.01"]
[Round "8"]
[White "Holleland, Sigve"]
[Black "Myren, Matias"]
[Result "1-0"]
[WhiteElo "2092"]
[BlackElo "1483"]
[PlyCount "67"]
[EventDate "2019.07.29"]
[EventType "swiss"]
[EventRounds "9"]
[EventCountry "NOR"]
[SourceTitle "EXT 2024"]
[Source "ChessBase"]
[SourceDate "2023.10.10"]
[SourceVersion "1"]
[SourceVersionDate "2023.10.10"]
[SourceQuality "1"]

1. c4 c6 2. d4 d5 3. Nc3 Nf6 4. cxd5 cxd5 5. f3 e6 6. e4 dxe4 7. fxe4 Bb4 8. Bd3 0-0 9. Nf3 Nc6 10. Bc2 b6 11. Bg5 h6 12. Bh4 g5 13. e5 Ba6 14. Qd2 Nh7 15. Bf2 f5 16. exf6 Qxf6 17. 0-0-0 Rac8 18. Rhe1 Ne7 19. Qe3 Bxc3 20. bxc3 Nd5 21. Qxe6+ Qxe6 22. Rxe6 Rxc3 23. Rg6+ Kh8 24. Be1 Rc7 25. Bg3 Rc4 26. Be5+ Nhf6 27. Rxh6+ Kg8 28. Rg6+ Kh8 29. Kb2 Ne3 30. Rc1 Ned5 31. Be4 Rxc1 32. Kxc1 Bb7 33. Nxg5 Rc8+ 34. Kb2 1-0

[Event "NOR-ch Master"]
[Site "Larvik"]
[Date "2019.07.13"]
[Round "9"]
[White "Skotheim, Andreas"]
[Black "Holleland, Sigve"]
[Result "1-0"]
[WhiteElo "2138"]
[BlackElo "2092"]
[PlyCount "69"]
[EventDate "2019.07.05"]
[EventType "swiss"]
[EventRounds "9"]
[EventCountry "NOR"]
[SourceTitle "EXT 2024"]
[Source "ChessBase"]
[SourceDate "2023.10.10"]
[SourceVersion "1"]
[SourceVersionDate "2023.10.10"]
[SourceQuality "1"]

1. d4 Nf6 2. Bg5 c5 3. d5 Qb6 4. Nc3 Qxb2 5. Bd2 Qb6 6. e4 d6 7. Bb5+ Bd7 8. a4 g6 9. f4 Bxb5 10. axb5 Nbd7 11. Qe2 e6 12. Nf3 Bg7 13. dxe6 fxe6 14. Ng5 Nf8 15. e5 dxe5 16. fxe5 N6d7 17. Nce4 Qc7 18. Nd6+ Ke7 19. Bc3 h6 20. Qf3 Bxe5 21. Qf7+ Kxd6 22. Bxe5+ Kxe5 23. 0-0-0 Qa5 24. Rhe1+ Qxe1 25. Rxe1+ Kd6 26. Rd1+ Ke5 27. Nf3+ Ke4 28. Re1+ Kd5 29. Qf4 e5 30. c4+ Ke6 31. Rxe5+ Nxe5 32. Qxe5+ Kf7 33. Qxh8 a6 34. Ne5+ Ke6 35. Nxg6 1-0

[Event "NOR-ch Master"]
[Site "Larvik"]
[Date "2019.07.11"]
[Round "7"]
[White "Demac, Elias"]
[Black "Holleland, Sigve"]
[Result "1/2-1/2"]
[WhiteElo "2215"]
[BlackElo "2092"]
[PlyCount "46"]
[EventDate "2019.07.05"]
[EventType "swiss"]
[EventRounds "9"]
[EventCountry "NOR"]
[SourceTitle "EXT 2024"]
[Source "ChessBase"]
[SourceDate "2023.10.10"]
[SourceVersion "1"]
[SourceVersionDate "2023.10.10"]
[SourceQuality "1"]

1. Nf3 Nf6 2. c4 g6 3. Nc3 c5 4. g3 Bg7 5. Bg2 d5 6. cxd5 Nxd5 7. Qa4+ Nc6 8. Qc4 Nxc3 9. dxc3 Qb6 10. Ng5 Ne5 11. Qd5 0-0 12. 0-0 Rd8 13. Qb3 h6 14. Nf3 Be6 15. Qxb6 Nxf3+ 16. Bxf3 axb6 17. Bxb7 Rxa2 18. Rxa2 Bxa2 19. Be3 Bc4 20. Bf3 e5 21. Rb1 Bb3 22. Ra1 f5 23. Ra8 Rxa8 1/2-1/2

[Event "NOR-ch Master"]
[Site "Larvik"]
[Date "2019.07.10"]
[Round "6"]
[White "Holleland, Sigve"]
[Black "Lund, Gunnar"]
[Result "1-0"]
[WhiteElo "2092"]
[BlackElo "2285"]
[PlyCount "119"]
[EventDate "2019.07.05"]
[EventType "swiss"]
[EventRounds "9"]
[EventCountry "NOR"]
[SourceTitle "EXT 2024"]
[Source "ChessBase"]
[SourceDate "2023.10.10"]
[SourceVersion "1"]
[SourceVersionDate "2023.10.10"]
[SourceQuality "1"]

1. d4 d6 2. e4 g6 3. f4 Bg7 4. Nc3 Nf6 5. Nf3 c5 6. e5 Ng4 7. dxc5 0-0 8. h3 Nh6 9. cxd6 exd6 10. Qxd6 Qxd6 11. exd6 Nf5 12. Nd5 Nc6 13. Bb5 Bd7 14. 0-0 Nxd6 15. Bxc6 Bxc6 16. Ne7+ Kh8 17. Nxc6 bxc6 18. Rd1 Nc4 19. Rb1 Rad8 20. Rd3 Rfe8 21. Kf2 Nd6 22. Nd2 c5 23. b3 Bd4+ 24. Kf1 Be3 25. Nf3 Nf5 26. g4 Rxd3 27. cxd3 Nd4 28. Ne5 f6 29. Bxe3 fxe5 30. Bxd4 cxd4 31. Re1 Rf8 32. Rxe5 Rxf4+ 33. Ke2 Rf7 34. Re4 Rd7 35. Kf3 Kg7 36. Rf4 g5 37. Rf5 Kg6 38. Ke4 h5 39. Rd5 Rf7 40. Rd6+ Kh7 41. gxh5 Rf4+ 42. Ke5 Rh4 43. Rxd4 Rxh3 44. Rd6 Rxh5 45. Kf5 Rh2 46. Ra6 Rd2 47. Kxg5 Rxd3 48. Rxa7+ Kg8 49. Kf6 Rd6+ 50. Ke5 Rd2 51. b4 Kf8 52. b5 Ke8 53. a4 Kd8 54. Rh7 Kc8 55. a5 Kb8 56. b6 Rd8 57. Ke6 Ka8 58. Rd7 Re8+ 59. Kd6 Rh8 60. Kc6 1-0

[Event "NOR-ch Master"]
[Site "Larvik"]
[Date "2019.07.06"]
[Round "2"]
[White "Holleland, Sigve"]
[Black "Moen, Ole Christian"]
[Result "1-0"]
[WhiteElo "2092"]
[BlackElo "2234"]
[PlyCount "115"]
[EventDate "2019.07.05"]
[EventType "swiss"]
[EventRounds "9"]
[EventCountry "NOR"]
[SourceTitle "EXT 2024"]
[Source "ChessBase"]
[SourceDate "2023.10.10"]
[SourceVersion "1"]
[SourceVersionDate "2023.10.10"]
[SourceQuality "1"]

1. d4 Nf6 2. Bf4 c5 3. e3 e6 4. Nf3 Nc6 5. c4 cxd4 6. exd4 Bb4+ 7. Nbd2 0-0 8. Bd3 d5 9. 0-0 Re8 10. Rc1 Bf8 11. a3 Nxd4 12. Nxd4 e5 13. Bxe5 Rxe5 14. N2f3 Re8 15. Qb3 a6 16. Rfd1 Bg4 17. cxd5 Qxd5 18. Bc4 Qh5 19. h3 Bxf3 20. Nxf3 b5 21. Bd5 Nxd5 22. Rxd5 Qh6 23. Rc7 Re7 24. Rxe7 Bxe7 25. Rd7 Re8 26. Qd5 Qc1+ 27. Kh2 Qf4+ 28. g3 Qf6 29. Kg2 Rd8 30. Ne5 g6 31. Rxd8+ Bxd8 32. Nxf7 Be7 33. Nh6+ Kg7 34. Ng8 Qd6 35. Nxe7 Qxe7 36. Qd4+ Kf7 37. Kf3 Qe6 38. h4 h5 39. Qf4+ Kg7 40. Qc7+ Kf6 41. Qc3+ Kf7 42. Qd4 Qe1 43. Qa7+ Kf8 44. Qxa6 Qh1+ 45. Ke3 Qc1+ 46. Ke4 Qxb2 47. Qc8+ Ke7 48. Qc7+ Ke6 49. Qc6+ Ke7 50. Qc5+ Kf7 51. Qd5+ Kf8 52. Qd6+ Kf7 53. Qd5+ Kf8 54. Qc5+ Kf7 55. Kd5 Qb3+ 56. Kc6 Qb2 57. Kd6 Qd2+ 58. Qd5+ 1-0

[Event "Fagernes GM op"]
[Site "Fagernes"]
[Date "2019.04.20"]
[Round "8"]
[White "Holleland, Sigve"]
[Black "Andersen, Morten"]
[Result "1-0"]
[WhiteElo "2024"]
[BlackElo "2223"]
[PlyCount "85"]
[EventDate "2019.04.14"]
[EventType "swiss"]
[EventRounds "9"]
[EventCountry "NOR"]
[SourceTitle "CBM 189 Extra"]
[Source "ChessBase"]
[SourceDate "2019.06.03"]
[SourceVersion "1"]
[SourceVersionDate "2019.06.03"]
[SourceQuality "1"]

1. d4 d5 2. Bf4 Nf6 3. e3 c5 4. Nf3 Qb6 5. Nc3 c4 6. Qd2 Nc6 7. Be2 Bg4 8. 0-0 e6 9. a3 Be7 10. b3 Ne4 11. Nxe4 dxe4 12. Ng5 Bxe2 13. Qxe2 cxb3 14. cxb3 Qxb3 15. Nxe4 0-0 16. Rfb1 Qd5 17. Qd3 b6 18. Rb5 Qd7 19. Rh5 f5 20. Ng5 h6 21. Nf3 Bf6 22. Rc1 Rac8 23. Rd1 Qd5 24. h3 b5 25. Nd2 Ne5 26. Bxe5 Bxe5 27. g4 Bb8 28. e4 Qd6 29. e5 Qd7 30. gxf5 exf5 31. Re1 Qf7 32. Qf3 Rc2 33. Nf1 Rb2 34. e6 Qg6+ 35. Kh1 Rxf2 36. Qxf2 Qxh5 37. Qg2 Qh4 38. Re2 Qxd4 39. e7 Re8 40. Qc6 Qf4 41. Qxe8+ Kh7 42. Nd2 Bd6 43. Qd7 1-0

[Event "Fagernes GM op"]
[Site "Fagernes"]
[Date "2019.04.19"]
[Round "7"]
[White "Holleland, Sigve"]
[Black "Ingebretsen, Jens E"]
[Result "0-1"]
[WhiteElo "2024"]
[BlackElo "2300"]
[PlyCount "78"]
[EventDate "2019.04.14"]
[EventType "swiss"]
[EventRounds "9"]
[EventCountry "NOR"]
[SourceTitle "CBM 189 Extra"]
[Source "ChessBase"]
[SourceDate "2019.06.03"]
[SourceVersion "1"]
[SourceVersionDate "2019.06.03"]
[SourceQuality "1"]

1. d4 d5 2. c4 e6 3. g3 Nf6 4. Bg2 dxc4 5. Nf3 Nc6 6. Qa4 Nd7 7. Qxc4 Nb6 8. Qd3 e5 9. 0-0 exd4 10. Rd1 Be7 11. Na3 Be6 12. Bf4 0-0 13. Nc2 Na4 14. Nfxd4 Bd5 15. e4 Nxb2 16. Qf3 Nxd1 17. Rxd1 Bxa2 18. Nxc6 Qe8 19. Nxe7+ Qxe7 20. Ne3 Be6 21. Nd5 Bxd5 22. exd5 Rfd8 23. Qc3 c6 24. Re1 Qd7 25. d6 Re8 26. Rd1 a5 27. Bc1 Ra6 28. Bb2 f6 29. Qc4+ Kh8 30. Qh4 c5 31. Be4 h6 32. Qf4 a4 33. Bf5 Qf7 34. Bd3 Qb3 35. Rd2 Re1+ 36. Bf1 Qb5 37. Kg2 Qxf1+ 38. Kf3 Qh1+ 39. Kg4 Re4 0-1

[Event "Fagernes GM op"]
[Site "Fagernes"]
[Date "2019.04.15"]
[Round "2"]
[White "Mikalsen, Erlend"]
[Black "Holleland, Sigve"]
[Result "1-0"]
[WhiteElo "2397"]
[BlackElo "2024"]
[PlyCount "37"]
[EventDate "2019.04.14"]
[EventType "swiss"]
[EventRounds "9"]
[EventCountry "NOR"]
[SourceTitle "CBM 189 Extra"]
[Source "ChessBase"]
[SourceDate "2019.06.03"]
[SourceVersion "1"]
[SourceVersionDate "2019.06.03"]
[SourceQuality "1"]

1. e4 c5 2. Nf3 d6 3. d4 cxd4 4. Nxd4 Nf6 5. Nc3 a6 6. Bg5 e6 7. f4 Nbd7 8. Qf3 h6 9. Bh4 Qc7 10. 0-0-0 Be7 11. Qg3 b5 12. Bd3 Bb7 13. Rhe1 b4 14. Nd5 exd5 15. exd5 Bxd5 16. Qxg7 Rg8 17. Rxe7+ Kxe7 18. Re1+ Be6 19. Rxe6+ 1-0

[Event "Fagernes GM op"]
[Site "Fagernes"]
[Date "2019.04.14"]
[Round "1"]
[White "Holleland, Sigve"]
[Black "Gullaksen, Eirik Tvedt"]
[Result "1/2-1/2"]
[WhiteElo "2024"]
[BlackElo "2324"]
[PlyCount "57"]
[EventDate "2019.04.14"]
[EventType "swiss"]
[EventRounds "9"]
[EventCountry "NOR"]
[SourceTitle "CBM 189 Extra"]
[Source "ChessBase"]
[SourceDate "2019.06.03"]
[SourceVersion "1"]
[SourceVersionDate "2019.06.03"]
[SourceQuality "1"]

1. d4 Nf6 2. Bf4 g6 3. Nc3 d5 4. e3 Bg7 5. h4 h5 6. Nf3 Bf5 7. Be2 c6 8. Qd2 Nbd7 9. Ne5 Ng4 10. Nxg4 hxg4 11. 0-0-0 e5 12. dxe5 Qe7 13. f3 gxf3 14. gxf3 Nxe5 15. e4 dxe4 16. Bg5 f6 17. fxe4 Bg4 18. Bf4 Bxe2 19. Nxe2 Rd8 20. Qa5 Rxd1+ 21. Rxd1 Rxh4 22. Qxa7 Bh6 23. Bxh6 Rxh6 24. Qe3 Qh7 25. Qb6 Qe7 26. Qb3 Qf7 27. Qb6 Qe7 28. Qb3 Qf7 29. Qb6 1/2-1/2

[Event "Masfjorden Grand Prix"]
[Site "Sandnes"]
[Date "2019.02.17"]
[Round "4"]
[White "Haugsdal, Arn Tore"]
[Black "Holleland, Sigve"]
[Result "1-0"]
[WhiteElo "1965"]
[BlackElo "2003"]
[PlyCount "73"]
[EventDate "2019.02.15"]
[EventType "swiss"]
[EventRounds "5"]
[EventCountry "NOR"]
[SourceTitle "EXT 2024"]
[Source "ChessBase"]
[SourceDate "2023.10.10"]
[SourceVersion "1"]
[SourceVersionDate "2023.10.10"]
[SourceQuality "1"]

1. e4 c5 2. Nf3 d6 3. d4 cxd4 4. Nxd4 Nf6 5. Nc3 a6 6. Bg5 Nbd7 7. Bc4 e6 8. 0-0 h6 9. Bh4 Ne5 10. Bb3 Ng6 11. Bg3 e5 12. Nf5 Be6 13. Qf3 Qc7 14. a4 0-0-0 15. a5 Kb8 16. Rfd1 Ne7 17. Ne3 Nc6 18. Ncd5 Bxd5 19. Nxd5 Nxd5 20. Rxd5 Nd4 21. Qe3 Be7 22. f4 exf4 23. Bxf4 Nxc2 24. Bxc2 Qxc2 25. e5 Qxb2 26. Rad1 Rd7 27. Bg3 Bg5 28. Qd3 Rc8 29. Rxd6 Rdc7 30. e6 f5 31. Rb6 Qf6 32. Rxb7+ Kxb7 33. Rb1+ Ka7 34. Bf2+ Rc5 35. Qd7+ R8c7 36. Qxc7+ Ka8 37. Rb8# 1-0

[Event "Masfjorden Grand Prix"]
[Site "Sandnes"]
[Date "2019.02.15"]
[Round "1"]
[White "Holleland, Sigve"]
[Black "Sekkingstad, Thomas"]
[Result "1-0"]
[WhiteElo "2003"]
[BlackElo "1690"]
[PlyCount "85"]
[EventDate "2019.02.15"]
[EventType "swiss"]
[EventRounds "5"]
[EventCountry "NOR"]
[SourceTitle "EXT 2024"]
[Source "ChessBase"]
[SourceDate "2023.10.10"]
[SourceVersion "1"]
[SourceVersionDate "2023.10.10"]
[SourceQuality "1"]

1. d4 d5 2. Bf4 Nf6 3. e3 Bf5 4. c4 c6 5. Qb3 Qb6 6. c5 Qxb3 7. axb3 Nbd7 8. Nf3 Nh5 9. Bc7 Rc8 10. Bg3 Nxg3 11. hxg3 e5 12. Nc3 a6 13. b4 exd4 14. Nxd4 Bg6 15. f4 Nf6 16. g4 Be4 17. g5 Nd7 18. Nxe4 dxe4 19. Bc4 g6 20. Ne2 Bg7 21. Nc3 Bxc3+ 22. bxc3 f5 23. 0-0-0 Ke7 24. Rd6 Nf8 25. Rf6 Rc7 26. Rd1 Ke8 27. Rfd6 h6 28. Rd8+ Ke7 29. Rb8 hxg5 30. fxg5 Rd7 31. Rxd7+ Kxd7 32. Rxb7+ Kd8 33. Bxa6 Nd7 34. Ra7 Rh1+ 35. Kc2 Rg1 36. Ra8+ Ke7 37. Rc8 Rxg2+ 38. Kb3 Ne5 39. c4 Rd2 40. b5 cxb5 41. cxb5 Rd3+ 42. Kc2 Rxe3 43. b6 1-0

[Event "Hordaland-ch NGP A"]
[Site "Bergen"]
[Date "2018.06.10"]
[Round "6"]
[White "Holleland, Sigve"]
[Black "Ayzenberg, Alena"]
[Result "1-0"]
[WhiteElo "2011"]
[BlackElo "1887"]
[PlyCount "119"]
[EventDate "2018.06.08"]
[EventType "swiss"]
[EventRounds "6"]
[EventCountry "NOR"]
[SourceTitle "EXT 2024"]
[Source "ChessBase"]
[SourceDate "2023.10.10"]
[SourceVersion "1"]
[SourceVersionDate "2023.10.10"]
[SourceQuality "1"]

1. c4 e5 2. Nc3 Nf6 3. g3 Bb4 4. Bg2 0-0 5. Nd5 Bc5 6. e3 Re8 7. Ne2 c6 8. Nxf6+ Qxf6 9. 0-0 Qe6 10. Qc2 Na6 11. a3 d5 12. b4 Bb6 13. d3 dxc4 14. dxc4 Bd7 15. c5 Bd8 16. Rd1 Be7 17. Bb2 Rad8 18. Qc3 f6 19. Nc1 Bc8 20. Nb3 Rxd1+ 21. Rxd1 Rd8 22. Rxd8+ Bxd8 23. Bf1 Qd7 24. Bc4+ Kh8 25. Qc2 Nc7 26. Nd2 Ne6 27. Nf3 Nf8 28. Bxe5 Ng6 29. Bd4 Qg4 30. Be2 Qe6 31. Bf1 Qg4 32. Bg2 Bf5 33. Qd1 Be4 34. h3 Qd7 35. Nd2 Bxg2 36. Kxg2 h6 37. Qg4 Qxg4 38. hxg4 Kg8 39. Nc4 Bc7 40. Nd6 Bxd6 41. cxd6 Kf7 42. Bxa7 Ke6 43. Bc5 Ne5 44. f3 Nd7 45. e4 b6 46. Be3 Kxd6 47. Kf2 b5 48. Ke2 Ke6 49. f4 Kf7 50. Kd3 g5 51. Kc3 Ke6 52. Bc5 Kf7 53. Kb3 Ke6 54. a4 bxa4+ 55. Kxa4 gxf4 56. gxf4 f5 57. exf5+ Kd5 58. Be7 Nb6+ 59. Kb3 Nd7 60. g5 1-0

[Event "Hordaland-ch NGP A"]
[Site "Bergen"]
[Date "2018.06.09"]
[Round "3"]
[White "Martinsen, Stig K"]
[Black "Holleland, Sigve"]
[Result "1/2-1/2"]
[WhiteElo "2185"]
[BlackElo "2011"]
[PlyCount "53"]
[EventDate "2018.06.08"]
[EventType "swiss"]
[EventRounds "6"]
[EventCountry "NOR"]
[SourceTitle "EXT 2024"]
[Source "ChessBase"]
[SourceDate "2023.10.10"]
[SourceVersion "1"]
[SourceVersionDate "2023.10.10"]
[SourceQuality "1"]

1. e4 e5 2. Bc4 Nf6 3. Nc3 Bc5 4. f4 d6 5. Nf3 0-0 6. d3 Nc6 7. Na4 Bb6 8. Nxb6 axb6 9. fxe5 dxe5 10. c3 Qe7 11. Bg5 Be6 12. Bxe6 Qxe6 13. a3 Rfd8 14. Qe2 Rd6 15. Rd1 Nd7 16. 0-0 Re8 17. Bh4 f6 18. Bg3 Qb3 19. d4 Na5 20. dxe5 fxe5 21. Rxd6 cxd6 22. Rd1 Re6 23. Rd5 Nc5 24. Bf2 Qc4 25. Qd1 Nxe4 26. Bxb6 Nb3 27. Be3 1/2-1/2

[Event "NOR-ch Mester"]
[Site "Stavanger"]
[Date "2017.07.06"]
[Round "7"]
[White "Holleland, Sigve"]
[Black "Ilyes, Peter"]
[Result "1-0"]
[WhiteElo "2026"]
[BlackElo "2006"]
[PlyCount "85"]
[EventDate "2017.07.01"]
[EventType "swiss"]
[EventRounds "9"]
[EventCountry "NOR"]
[SourceTitle "EXT 2018"]
[Source "ChessBase"]
[SourceDate "2017.10.13"]
[SourceVersion "1"]
[SourceVersionDate "2017.10.13"]
[SourceQuality "1"]

1. c4 g6 2. g3 Bg7 3. Bg2 Nf6 4. Nf3 0-0 5. 0-0 d6 6. Nc3 e5 7. d3 a5 8. Rb1 Na6 9. a3 Re8 10. Ne1 Rb8 11. b4 axb4 12. axb4 Bd7 13. b5 Nc5 14. Be3 Ne6 15. Nc2 c5 16. h3 Nd4 17. Bg5 h6 18. Bxf6 Qxf6 19. Ne3 h5 20. Ne4 Qd8 21. Nxd6 Bxh3 22. Nxe8 Bxg2 23. Kxg2 Qxe8 24. Nd5 f5 25. e3 Ne6 26. Ra1 g5 27. Rh1 g4 28. Ra2 Ng5 29. Qc2 Qf7 30. Rha1 Nf3 31. Ra8 Rf8 32. b6 Bh6 33. R1a5 Bg5 34. Rxc5 h4 35. Rc7 h3+ 36. Kf1 Rxa8 37. Qb2 Qf8 38. c5 Ra5 39. Ke2 Qa8 40. Nb4 Rb5 41. Qb3+ Kh8 42. Qf7 Qg8 43. Qh5+ 1-0

[Event "Hordaland-ch NGP"]
[Site "Bergen"]
[Date "2017.05.28"]
[Round "6"]
[White "Holleland, Sigve"]
[Black "Strand, Oyvin"]
[Result "1/2-1/2"]
[WhiteElo "2014"]
[BlackElo "1807"]
[PlyCount "116"]
[EventDate "2017.05.25"]
[EventType "swiss"]
[EventRounds "6"]
[EventCountry "NOR"]
[SourceTitle "EXT 2024"]
[Source "ChessBase"]
[SourceDate "2023.10.10"]
[SourceVersion "1"]
[SourceVersionDate "2023.10.10"]
[SourceQuality "1"]

1. c4 c5 2. Nf3 Nc6 3. Nc3 g6 4. d4 cxd4 5. Nxd4 Bg7 6. Nb3 Nf6 7. g3 0-0 8. Bg2 Na5 9. Nxa5 Qxa5 10. 0-0 a6 11. Qd3 Rb8 12. a3 d6 13. b4 Qc7 14. Bf4 e5 15. Bg5 Bf5 16. e4 Be6 17. Nd5 Nxd5 18. cxd5 Bd7 19. Rfc1 Qb6 20. Qe3 Qxe3 21. Bxe3 Rfc8 22. Bb6 Rxc1+ 23. Rxc1 Rc8 24. Rxc8+ Bxc8 25. Bc7 Bf8 26. f4 f6 27. a4 b5 28. a5 Be7 29. Kf2 Kg7 30. Kf3 h6 31. Bf1 Bd7 32. h4 Kf7 33. Ke3 Kg7 34. Be2 Kf7 35. Bd3 Kg7 36. f5 g5 37. Be2 Be8 38. Bb8 Bf8 39. Kf2 Be7 40. Kg2 gxh4 41. g4 Bd7 42. Kh3 Kh7 43. Kxh4 Kg7 44. Bc7 Kh7 45. Bb6 Kg7 46. Be3 Kh7 47. Kh5 Be8+ 48. Kh4 Bd7 49. Kg3 Kg7 50. g5 hxg5 51. Bh5 Kf8 52. Kg4 Be8 53. Bxe8 Kxe8 54. Kh5 Kf7 55. Bb6 Kg7 56. Bc7 Kh7 57. Bb6 Kg7 58. Bc7 Kh7 1/2-1/2

[Event "Hordaland-ch NGP"]
[Site "Bergen"]
[Date "2017.05.27"]
[Round "4"]
[White "Holleland, Sigve"]
[Black "Flatebo, Hallvard Haug"]
[Result "1-0"]
[WhiteElo "2014"]
[BlackElo "1413"]
[PlyCount "43"]
[EventDate "2017.05.25"]
[EventType "swiss"]
[EventRounds "6"]
[EventCountry "NOR"]
[SourceTitle "EXT 2024"]
[Source "ChessBase"]
[SourceDate "2023.10.10"]
[SourceVersion "1"]
[SourceVersionDate "2023.10.10"]
[SourceQuality "1"]

1. c4 f5 2. Nc3 Nf6 3. d3 d6 4. e4 g6 5. Nf3 Bg7 6. Qb3 c5 7. exf5 Bxf5 8. Qxb7 Nbd7 9. Be2 0-0 10. 0-0 Nb6 11. Qa6 e5 12. Bg5 Bc8 13. Qa5 Bb7 14. Nd2 Qd7 15. Nde4 Nxe4 16. dxe4 h6 17. Be3 Qf7 18. b3 Bc6 19. Rad1 Rad8 20. Rd2 Rd7 21. Rfd1 Rfd8 22. Bg4 1-0

[Event "Hordaland-ch NGP"]
[Site "Bergen"]
[Date "2017.05.26"]
[Round "2"]
[White "Holleland, Sigve"]
[Black "Ronnestad, Liam Jansson"]
[Result "0-1"]
[WhiteElo "2014"]
[BlackElo "1473"]
[PlyCount "50"]
[EventDate "2017.05.25"]
[EventType "swiss"]
[EventRounds "6"]
[EventCountry "NOR"]
[SourceTitle "EXT 2024"]
[Source "ChessBase"]
[SourceDate "2023.10.10"]
[SourceVersion "1"]
[SourceVersionDate "2023.10.10"]
[SourceQuality "1"]

1. d4 d5 2. c4 c6 3. Nc3 Nf6 4. cxd5 cxd5 5. f3 Bf5 6. g4 Bg6 7. g5 Ng8 8. e4 e6 9. h4 h6 10. gxh6 gxh6 11. h5 Bh7 12. Bb5+ Nc6 13. exd5 exd5 14. Qe2+ Nge7 15. Bf4 Bg7 16. 0-0-0 Rc8 17. Nh3 0-0 18. Rhg1 Nf5 19. Bxc6 Rxc6 20. Be5 f6 21. Bh2 Qa5 22. a3 Rxc3+ 23. bxc3 Qxc3+ 24. Qc2 Qxa3+ 25. Kd2 Qe3# 0-1

[Event "Hordaland-ch NGP"]
[Site "Bergen"]
[Date "2017.05.25"]
[Round "1"]
[White "Sorensen, Simen"]
[Black "Holleland, Sigve"]
[Result "1-0"]
[WhiteElo "1526"]
[BlackElo "2014"]
[PlyCount "69"]
[EventDate "2017.05.25"]
[EventType "swiss"]
[EventRounds "6"]
[EventCountry "NOR"]
[SourceTitle "EXT 2024"]
[Source "ChessBase"]
[SourceDate "2023.10.10"]
[SourceVersion "1"]
[SourceVersionDate "2023.10.10"]
[SourceQuality "1"]

1. c4 e5 2. Nc3 Nf6 3. g3 c6 4. Bg2 d5 5. cxd5 cxd5 6. d4 e4 7. Bg5 Bb4 8. Qb3 Nc6 9. e3 0-0 10. Bxf6 gxf6 11. Nge2 Be6 12. Nf4 Rc8 13. Rc1 Qd6 14. 0-0 Rfd8 15. a3 Bxc3 16. Rxc3 Na5 17. Qc2 Nc4 18. Rc1 b5 19. Qe2 Qf8 20. Nxe6 fxe6 21. Qg4+ Kf7 22. Qh5+ Kg7 23. Qg4+ Kf7 24. Qh5+ Kg7 25. Qg4+ Kh8 26. Qxe6 Rd6 27. Qf5 Rcd8 28. b3 Nb6 29. Rc7 R6d7 30. R1c6 Kg7 31. Rxd7+ Nxd7 32. Rc7 Qd6 33. Rxa7 Kh8 34. Bh3 Nf8 35. Qh5 1-0

[Event "Oslo op"]
[Site "Fornebu"]
[Date "2016.10.06"]
[Round "9"]
[White "Holleland, Sigve"]
[Black "Moiseenko, Alexander"]
[Result "0-1"]
[WhiteElo "2052"]
[BlackElo "2648"]
[PlyCount "52"]
[EventDate "2016.09.30"]
[EventType "swiss"]
[EventRounds "9"]
[EventCountry "NOR"]
[SourceTitle "EXT 2017"]
[Source "ChessBase"]
[SourceDate "2016.10.25"]
[SourceVersion "1"]
[SourceVersionDate "2016.10.25"]
[SourceQuality "1"]

1. d4 Nf6 2. c4 e6 3. g3 c5 4. d5 exd5 5. cxd5 d6 6. Nc3 g6 7. Nf3 Bg7 8. Bg2 0-0 9. 0-0 Re8 10. Bf4 Bf5 11. Nd2 Nh5 12. Be3 Nd7 13. h3 Nxg3 14. fxg3 Rxe3 15. g4 Bd4 16. Rf2 Qh4 17. gxf5 Rxc3 18. bxc3 Qxf2+ 19. Kh1 Be5 20. Nf3 Bxc3 21. Rb1 Re8 22. Ng1 Qxf5 23. Rxb7 Nf6 24. Qa4 Bd4 25. Qxa7 Ne4 26. Re7 Nf2+ 0-1